000 03232cam a2200301 4500500
005 20251228050537.0
041 _afre
042 _adc
100 1 0 _aLe Quentrec, Yannick
_eauthor
245 0 0 _aLuttes revendicatives et syndicalisme : le ‘travail d'émancipation' des femmes salariées
260 _c2014.
500 _a48
520 _aÀ distance des analyses sociologiques qui se centrent exclusivement sur l’exploitation capitaliste et la domination et mettent en scène des salariées impuissantes et résignées, il s’agit d’interroger dans cet article les conditions du travail d’émancipation des femmes salariées, au croisement des rapports sociaux de classe, de sexe et de race. Après avoir montré dans, un premier temps, les enjeux pour le féminisme de reconnaître l’existence d’espaces de liberté dans le travail et dans le syndicalisme, je m’appuie sur quelques cas de figure de luttes de femmes pour mettre au jour et discuter, dans un second temps, trois dimensions du travail d’émancipation des femmes : l’auto-nomination collective, la praxis émancipatrice et la sororité de classe et de race.
520 _aProtest Struggles and Trade Unionism: The “Work for Emancipation” of Women in EmploymentWhile many sociological analyses focus exclusively on capitalist exploitation and on domination, and therefore consider employees to be powerless and resigned, the present article aims to examine how women who work also to emancipate themselves at the intersection of class, gender and race. After first showing what issues are involved for feminism in acknowledging the existence of spaces of freedom in work and in trade unionism, I use several scenarios of women’s struggles to then highlight and discuss three aspects of women’s work for emancipation: collective self-nomination, emancipatory praxis and the sisterhood along class and race.
520 _aLejos de los análisis sociológicos que se centran exclusivamente en la explotación capitalista y la dominación y ponen en escena los empleado?a?s impotentes y resignado?a?s, se trata de interrogar en este artículo las condiciones del trabajo de emancipación de las mujeres asalariadas, en la intersección de las relaciones sociales de clase, género y raza. Después de haber mostrado, en un primer momento, los retos para el feminismo de reconocer la existencia de espacios de libertad en el trabajo y en el sindicalismo, yo me apoyó sobre algunos casos particulares de luchas de las mujeres para poner de relieve y discutir, en un segundo tiempo, tres dimensiones del trabajo de la emancipación de las mujeres: la auto-nominación colectiva, la praxis emancipadora y la sororidad de clase y raza.
690 _aémancipation des femmes
690 _aluttes des femmes
690 _apuissance d'agir
690 _asororité
690 _asyndicalisme
690 _aagency
690 _asisterhood
690 _atrade unionism
690 _awomen's emancipation
690 _awomen's struggles
786 0 _nCahiers du Genre | 57 | 2 | 2014-12-01 | p. 159-181 | 1298-6046
856 4 1 _uhttps://shs.cairn.info/revue-cahiers-du-genre-2014-2-page-159?lang=fr&redirect-ssocas=7080
999 _c1580613
_d1580613